000 00251 a2200097 4500
000 nam a22 7a 4500
005 20260302143126.0
100 _aSanyal, Sanjeev
_91114719
245 _aThe Incredible History of India’s Geography
942 _cTEXL
999 _c1688395
_d1688395